000
00332nam a22001457a 4500
008
240311b |||||||| |||| 00| 0 eng d
020
_a
9789354661471
040
_a
02
082
_a
615.190(SOL)
100
_a
SOLOMAN,V RAJA
245
_a
TEXT BOOK OF COMPUTER AIDED DRUG DESIGN
260
_b
CBS
300
_a
156
942
_c
01
999
_c
58547
_d
58547